Central Library || Chittagong University

Towers International digital Ic Selector : (Record no. 112594)

MARC details
000 -LEADER
fixed length control field 00551nam a22001697a 4500
003 - CONTROL NUMBER IDENTIFIER
control field BD-ChCU
005 - DATE AND TIME OF LATEST TRANSACTION
control field 20260503112321.0
008 - FIXED-LENGTH DATA ELEMENTS--GENERAL INFORMATION
fixed length control field 260503b bg ||||| |||| 00| 0 ben d
040 ## - CATALOGING SOURCE
Transcribing agency BD-ChCU
082 ## - DEWEY DECIMAL CLASSIFICATION NUMBER
Classification number 621.319 TOT
100 ## - MAIN ENTRY--PERSONAL NAME
Personal name Towers , T.D.
9 (RLIN) 22231
245 ## - TITLE STATEMENT
Title Towers International digital Ic Selector :
Remainder of title specification data for the identification , Selection and substitution of Digital ICs./
Statement of responsibility, etc. T.D. Towers .
260 ## - PUBLICATION, DISTRIBUTION, ETC.
Place of publication, distribution, etc. Delhi :
Name of publisher, distributor, etc. W. Foulsham .
Date of publication, distribution, etc. C 1987
300 ## - PHYSICAL DESCRIPTION
Extent 246p.
650 #0 - SUBJECT ADDED ENTRY--TOPICAL TERM
Topical term or geographic name entry element Electric Circuits ./
9 (RLIN) 22232
942 ## - ADDED ENTRY ELEMENTS (KOHA)
Source of classification or shelving scheme Dewey Decimal Classification
Koha item type Books
Suppress in OPAC No
Holdings
Withdrawn status Lost status Source of classification or shelving scheme Damaged status Not for loan Home library Current library Shelving location Date acquired Source of acquisition Total Checkouts Full call number Barcode Date last seen Copy number Price effective from Koha item type
    Dewey Decimal Classification     Chittagong University Library Chittagong University Library Business and Social Science Reading Room 05/03/2026 Purchase   621.319 TOT 139990 05/03/2026 C-1 05/03/2026 Books
© Copyright 2026. Chittagong University Library, Installation and Maintenance by Prof. Dr. Md. Alamgir, 01711306253